Tatry Zachodnie czy Tatry Wysokie? - Statystyki

Ogólne statystyki
  • Ten quiz został rozwiązany 867 razy
    853 od ostatniego zresetowania
  • Średni wynik to 11 z 16
Statystyki odpowiedzi
Zagadnienie Odpowiedź % Poprawnych
Gerlach Tatry Wysokie
91%
Zadni Gerlach Tatry Wysokie
84%
Lodowy Szczyt Tatry Wysokie
78%
Rakoń Tatry Zachodnie
78%
Mięguszowiecki Szczyt Wielki Tatry Wysokie
76%
Starorobociański Wierch Tatry Zachodnie
76%
Wołowiec Tatry Zachodnie
76%
Trzydniowiański Wierch Tatry Zachodnie
75%
Kościelec Tatry Wysokie
73%
Jarząbczy Wierch Tatry Zachodnie
72%
Kieżmarski Szczyt Tatry Wysokie
67%
Kończysty Wierch Tatry Zachodnie
64%
Wysoka Tatry Wysokie
61%
Wielki Giewont Tatry Zachodnie
56%
Baranie Rogi Tatry Wysokie
55%
Kasprowy Wierch Tatry Zachodnie
50%
Nie znaleziono quizów pasujących do podanych kryteriów
Rozkład punktacji
Procent ludzi z każdym wynikiem
Percentyl według liczby udzielonych odpowiedzi
Twoja historia wyników
Nie rozwiązałeś tego quizu od ostatniego zresetowania